Verhaltensdesign : Technologische und ästhetische Programme der 1960er und 1970er Jahre.

Bibliographic Details
Main Author: Moser, Jeannie.
Other Authors: Vagt, Christina.
Format: eBook
Language:German
Published: Bielefeld : transcript, 2018.
Edition:1st ed.
Series:Edition Kulturwissenschaft
Subjects:
Online Access:Click to View
LEADER 02676nam a22003973i 4500
001 EBC6955982
003 MiAaPQ
005 20231204023223.0
006 m o d |
007 cr cnu||||||||
008 231204s2018 xx o ||||0 ger d
020 |a 9783839442067  |q (electronic bk.) 
020 |z 9783837642063 
035 |a (MiAaPQ)EBC6955982 
035 |a (Au-PeEL)EBL6955982 
035 |a (OCoLC)1122597550 
040 |a MiAaPQ  |b eng  |e rda  |e pn  |c MiAaPQ  |d MiAaPQ 
100 1 |a Moser, Jeannie. 
245 1 0 |a Verhaltensdesign :  |b Technologische und ästhetische Programme der 1960er und 1970er Jahre. 
250 |a 1st ed. 
264 1 |a Bielefeld :  |b transcript,  |c 2018. 
264 4 |c {copy}2018. 
300 |a 1 online resource (233 pages) 
336 |a text  |b txt  |2 rdacontent 
337 |a computer  |b c  |2 rdamedia 
338 |a online resource  |b cr  |2 rdacarrier 
490 1 |a Edition Kulturwissenschaft 
505 0 |a Cover -- Inhalt -- Transgression als Passion. Akustische (Selbst-)Überschreitungen in Kunst- und Popkultur seit 1960 -- Ökologische Imperative. Richard Nixon, Jean Baudrillard und environmental design um 1970 -- Education Automation. Verhaltensdesign als ästhetische Erziehung -- Theater und Kybernetik. Zu Brechts Realismus der Relationen und Funktionen -- Dichtungsmaschinen und Subjektprogramme. Literarische Regelkreisphantasien in den 1960ern -- The Computer Never Was a Brain, or the Curious Death and Designs of John von Neumann -- Benutzerfreundlichkeit. Idiosynkrasie der Personal Computer-Industrie -- Emotionsdesign. Zur Emergenz eines neuen Dispositivs der Affektregulation -- Futurologische Vorübungen. (Dis-)Simulation, Szenario und Misstrauen in Graciáns Handorakel -- Verhaltensdesign avant la lettre. Kontingenz und Potentialität im »Bildungs«-Roman des 18. Jahrhunderts mit Blick auf Wilhelm Meisters Lehrjahre -- Brainstorming. Über Ideenproduktion, Kriegswirtschaft und ›Democratic Social Engineering‹ -- Konferenzdesign, Liebe und Selbstbeobachtung um 1968 -- Autorinnen und Autoren. 
588 |a Description based on publisher supplied metadata and other sources. 
590 |a Electronic reproduction. Ann Arbor, Michigan : ProQuest Ebook Central, 2023. Available via World Wide Web. Access may be limited to ProQuest Ebook Central affiliated libraries.  
655 4 |a Electronic books. 
700 1 |a Vagt, Christina. 
776 0 8 |i Print version:  |a Moser, Jeannie  |t Verhaltensdesign  |d Bielefeld : transcript,c2018  |z 9783837642063 
797 2 |a ProQuest (Firm) 
830 0 |a Edition Kulturwissenschaft 
856 4 0 |u https://ebookcentral.proquest.com/lib/matrademy/detail.action?docID=6955982  |z Click to View